Logic - ngữ nghĩa từ hư tiếng Việt
Câu chất vấn-bác bỏ & những từ phiếm định; Định hướng nghĩa của từ; Ngữ nghĩa của cặp từ hư; Sự chuyển nghĩa của những từ trỏ quan hệ và chuyển động trong không gian.
में बचाया:
| मुख्य लेखक: | |
|---|---|
| स्वरूप: | पुस्तक |
| भाषा: | Vietnamese |
| प्रकाशित: |
Tp.HCM
Trẻ
2016
|
| विषय: | |
| टैग : |
टैग जोड़ें
कोई टैग नहीं, इस रिकॉर्ड को टैग करने वाले पहले व्यक्ति बनें!
|
| Thư viện lưu trữ: | Mạng thư viện Đại học Đà Nẵng |
|---|
| LEADER | 01345nam a2200349 4500 | ||
|---|---|---|---|
| 001 | 000025322 | ||
| 003 | 21815 | ||
| 005 | 20170926090902.0 | ||
| 008 | 170926s2016 viesd | ||
| 020 | |a 978-604-1-08948-8 |c 98000đ | ||
| 041 | 0 | |a vie | |
| 082 | 1 | 4 | |a 495.92257 |b NG-D |
| 100 | 1 | |a Nguyễn Đức Dân | |
| 245 | 1 | 0 | |a Logic - ngữ nghĩa từ hư tiếng Việt |c Nguyễn Đức Dân |
| 260 | |a Tp.HCM |b Trẻ |c 2016 | ||
| 300 | |a 386 tr. |c 20 cm. | ||
| 520 | 3 | |a Câu chất vấn-bác bỏ & những từ phiếm định; Định hướng nghĩa của từ; Ngữ nghĩa của cặp từ hư; Sự chuyển nghĩa của những từ trỏ quan hệ và chuyển động trong không gian. | |
| 650 | 0 | 4 | |a Tiếng Việt |x Ngữ nghĩa học |
| 650 | 0 | 4 | |a Tiếng Việt |x Hư từ |
| 653 | |a Vietnamese language | ||
| 653 | |a Semantics | ||
| 653 | |a Function words | ||
| OWN | |a LSP | ||
| AVA | |a UDN50 |b LSP |d 495.92257 NG-D |e available |t Error 5001 Not defined in file expand_doc_bib_avail. |f 3 |g 0 |h N |i 0 |k 1 | ||
| 999 | |a From the UDN01 | ||
| AVA | |a UDN50 |b LSP |d 495.92257 NG-D |e available |t Error 5001 Not defined in file expand_doc_bib_avail. |f 3 |g 0 |h N |i 0 |k 1 | ||
| TYP | |a Monograph | ||
| TYP | |a Printed language | ||
| 980 | |a Mạng thư viện Đại học Đà Nẵng | ||


